000 00366 a2200133 4500
001 142462
040 _cLeonardo Da Vinci
041 _aPortuguês
082 _av204
100 _aCOLÉGIO Leonardo da Vinci - Anglo
245 _aNascimento da Europa
_bo despertar da civilização
697 _aAnglo
_aHistória
_aEuropa
_aO carvão e a Era Industrial
942 _cVM
999 _c142462
_d142462